000 00717nam a2200289Ia 4500
005 20260324131436.0
008 008 260324s9999 xx 000 0 eng d
020 _a9780203960332
037 _aEBOOK
040 _aCRL
040 _beng
040 _cCRL
041 _2eng
041 _aeng
084 _qCRL
100 _aSusan Hudson
_91185536
245 4 _aThe Quiet Revolutionaries
245 0 _bHow the Grey Nuns Changed the Social Welfare Paradigm of Lewiston, Maine
260 _bTaylor and Francis
260 _c2006
365 _a
365 _b65.99
856 _uhttp://www.taylorfrancis.com/books/9780203960332
942 _cEBOOK
999 _c1782679
_d1782679